Phẩm chất của những nhà giáo ưu tú /
Enregistré dans:
| Auteur principal: | |
|---|---|
| Format: | Livre |
| Langue: | Vietnamese |
| Publié: |
HCM :
VHSG,
2008.
2008. |
| Sujets: | |
| Tags: |
Ajouter un tag
Pas de tags, Soyez le premier à ajouter un tag!
|
| Thư viện lưu trữ: | Mạng thư viện Đại học Đà Nẵng |
|---|
| LEADER | 01043nam a22003251a 4500 | ||
|---|---|---|---|
| 001 | 000039314 | ||
| 003 | 15609 | ||
| 005 | 20210424180616.0 | ||
| 008 | 160412s2008 000 | ||
| 040 | |a lnn |c lnn |d lnn | ||
| 041 | 0 | |a vie | |
| 082 | 1 | 4 | |a 305.800959731 |b BA-K |
| 100 | 0 | 6 | |a Bain,Kein |
| 245 | 0 | |a Phẩm chất của những nhà giáo ưu tú / |c Kein Bain; Nguyễn Văn Nhật dịch. | |
| 260 | |c 2008. | ||
| 260 | |a HCM : |b VHSG, |c 2008. | ||
| 300 | |a 415 tr. ; |c 20 cm. | ||
| 630 | 0 | 4 | |a Văn hóa. |
| 630 | 0 | 4 | |a Nhân cách. |
| 650 | 0 | 4 | |a Văn hóa |z nhà giáo |
| 650 | 0 | 4 | |a Phẩm chất nhân cách |
| OWN | |a LNN | ||
| 902 | |a TKV | ||
| AVA | |a UDN50 |b LNN |d 305.800959731 BA-K |e available |t Error 5001 Not defined in file expand_doc_bib_avail. |f 3 |g 0 |h N |i 1 | ||
| 999 | |a From the UDN01 | ||
| AVA | |a UDN50 |b LNN |d 305.800959731 BA-K |e available |t Error 5001 Not defined in file expand_doc_bib_avail. |f 3 |g 0 |h N |i 1 | ||
| TYP | |a Monograph | ||
| 980 | |a Mạng thư viện Đại học Đà Nẵng | ||